00370nam a2200121Ia 450000500170000000800460001703700290006304000200009204100130011208400210012524500640014626000380021020250508152936.0008 250505s9999 xx 000 0 eng d aBooks to be hide in OPAC aFEDLbengcFEDL aeng2eng a030, GOL/OqFEDL 0aGolden treasury of knowledge Vol. 4, 5, 7, 8 and 10 to 15 aNew York, USAbGolden Pressc1960